Signal Extraction : (Record no. 613914)

MARC details
000 -LEADER
fixed length control field 00517nam a2200193 a 4500
008 - FIXED-LENGTH DATA ELEMENTS--GENERAL INFORMATION
fixed length control field 260217s2004##################000#0#eng##
020 ## - INTERNATIONAL STANDARD BOOK NUMBER
ISBN 9783540229353
082 04 - DEWEY DECIMAL CLASSIFICATION NUMBER
Classification number 330.015195
Item number WIL
100 1# - MAIN ENTRY--AUTHOR NAME
Personal name Wildi, Marc,
245 10 - TITLE STATEMENT
Title Signal Extraction :
260 ## - PUBLICATION, DISTRIBUTION, ETC. (IMPRINT)
Name of publisher Springer Science & Business Media,
Year of publication 2004.
300 ## - PHYSICAL DESCRIPTION
Number of Pages 296 pages
650 #0 - SUBJECT ADDED ENTRY--TOPICAL TERM
Topical Term Business & Economics.
942 ## - ADDED ENTRY ELEMENTS (KOHA)
Koha item type English Books

No items available.

Find us on the map